Eastern Utah Libraries Catalog: Duchesne, Heber, Roosevelt, & Vernal

Ahsoka / (Record no. 215714)

MARC details
000 -LEADER
fixed length control field 01182nam a2200325 i 4500
001 - CONTROL NUMBER
control field BK0018546838
005 - DATE AND TIME OF LATEST TRANSACTION
control field 20161108100819.0
008 - FIXED-LENGTH DATA ELEMENTS--GENERAL INFORMATION
fixed length control field 161006s2016 cau j 000 1 eng d
010 ## - LIBRARY OF CONGRESS CONTROL NUMBER
LC control number bl2016043689
020 ## - INTERNATIONAL STANDARD BOOK NUMBER
International Standard Book Number 9781484705667 : HRD
Terms of availability 17.99
020 ## - INTERNATIONAL STANDARD BOOK NUMBER
International Standard Book Number 1484705661 : HRD
Terms of availability 17.99
037 ## - SOURCE OF ACQUISITION
Source of stock number/acquisition Disney Pr, C/O Hachette Book Group USA 53 State st 9th Fl, Boston, MA, USA, 02109
Note SAN 200-2205
040 ## - CATALOGING SOURCE
Original cataloging agency NjBwBT
Language of cataloging eng
Transcribing agency NjBwBT
Description conventions rda
050 14 - LIBRARY OF CONGRESS CALL NUMBER
Classification number PZ7.J64052
Item number Ah 2016
082 04 - DEWEY DECIMAL CLASSIFICATION NUMBER
Classification number [Fic]
Edition number 23
092 ## - LOCALLY ASSIGNED DEWEY CALL NUMBER (OCLC)
Classification number FIC
100 1# - MAIN ENTRY--PERSONAL NAME
Personal name Johnston, E. K,
Relator term author.
245 10 - TITLE STATEMENT
Title Ahsoka /
Statement of responsibility, etc E.K. Johnston.
250 ## - EDITION STATEMENT
Edition statement First hardcover edition.
264 #1 - Production, Publication, Distribution, Manufacture, and Copyright Notice.
Place of production, publication, distribution, manufacture Los Angeles :
Name of producer, publisher, distributor, manufacturer Disney, Lucasfilm Press,
Date of production, publication, distribution, manufacture, or copyr 2016.
300 ## - PHYSICAL DESCRIPTION
Extent 353 pages ;
Dimensions 22 cm
336 ## - Content Type
Content type term text
337 ## - Media type
Media type term unmediated
338 ## - Carrier type
Carrier type term volume
500 ## - GENERAL NOTE
General note At head of title: Star wars.
520 ## - SUMMARY, ETC.
Summary, etc Struggling to find her place after the devastating events of Order 66, Jedi apprentice Ahsoka's resolve to fight the Empire leads her to Bail Organa and the Rebel Alliance.
650 #1 - SUBJECT ADDED ENTRY--TOPICAL TERM
Topical term or geographic name as entry element Apprentices
Form subdivision Fiction.
650 #1 - SUBJECT ADDED ENTRY--TOPICAL TERM
Topical term or geographic name as entry element Space warfare
Form subdivision Fiction.
650 #1 - SUBJECT ADDED ENTRY--TOPICAL TERM
Topical term or geographic name as entry element Science fiction.
Holdings
Withdrawn status Lost status Source of classification or shelving scheme Damaged status Not for loan Collection code Home library Current library Shelving location Date acquired Source of acquisition Total Checkouts Total Renewals Full call number Barcode Date last seen Date checked out Cost, replacement price Price effective from Koha item type
    Dewey Decimal Classification     Young Adult Fiction Wasatch County Library Wasatch County Library First Floor 07/25/2023 Donation 3 2 YA Johnston 34301002034652 08/05/2025 07/21/2025 17.99 07/25/2023 BOOK
This project was made possible through a grant from the Institute of Museum and Library Service administered by the Utah State Library Division.

Wasatch County Library

  • 465 East 1200 South, Heber City, Utah 84032
  • Phone 435-654-1511 | Fax 435-654-6456

Hours

  • Monday - Friday 9:30 AM - 8:00 PM
  • Saturday 9:30 AM - 1:30 PM
  • Closed Sundays and Holidays